Statistiken für Grand-Slam-Sieger im Tennis (Damen)

Klicken Sie hier um das Quiz zu spielen!

Allgemein

  • Dieses Quiz wurde 3.367 mal gespielt
    (613 seit der letzten Aktualisierung)
  • Das Durchschnittsergebnis liegt bei 21 aus 60

Antwortstatistiken

#Spielerin% Korrekt
22Steffi Graf
94%
23Serena Williams
91%
7Venus Williams
90%
3Angelique Kerber
65%
18Martina Navrátilová
62%
9Monica Seles
55%
5Martina Hingis
53%
5Maria Scharapowa
50%
4Iga Świątek
47%
1Coco Gauff
46%
18Chris Evert
44%
4Naomi Ōsaka
44%
4Arantxa Sánchez Vicario
43%
2Li Na
42%
1Aryna Sabalenka
41%
2Simona Halep
41%
8Billie Jean King
39%
1Gabriela Sabatini
38%
7Justine Henin
38%
3Ashleigh Barty
37%
2Victoria Azarenka
37%
4Kim Clijsters
36%
1Caroline Wozniacki
35%
1Emma Raducanu
35%
3Lindsay Davenport
35%
11Margaret Court
35%
2Petra Kvitová
34%
1Ana Ivanović
33%
1Jelena Rybakina
32%
2Garbiñe Muguruza
31%
1Jeļena Ostapenko
31%
2Amélie Mauresmo
29%
3Jennifer Capriati
29%
1Jana Novotná
28%
1Marion Bartoli
28%
1Markéta Vondroušová
28%
1Sloane Stephens
28%
1Sofia Kenin
28%
1Barbora Krejčíková
27%
2Mary Pierce
27%
2Swetlana Kusnezowa
27%
1Bianca Andreescu
26%
1Conchita Martínez
26%
4Hana Mandlíková
26%
7Evonne Goolagong
25%
1Flavia Pennetta
25%
1Francesca Schiavone
25%
1Samantha Stosur
25%
2Tracy Austin
23%
1Anastasia Myskina
21%
1Iva Majoli
21%
3Virginia Wade
20%
1Ann Haydon Jones
18%
1Barbara Jordan
17%
1Sue Barker
16%
1Virginia Ruzici
16%
1Chris O'Neil
15%
1Kerry Melville Reid
15%
1Mima Jaušovec
15%
1Nancy Richey
15%

Verteilung der Resultate

Perzentil nach korrekt beantworteten Fragen

Anzahl Personen mit jedem Resultat

Ihre Resultats-Entwicklung

Sie haben dieses Quiz seit der letzten Aktualisierung nicht gespielt